Speciation and ecologic distribution in american jays of the genus Aphelocoma (Registro nro. 4860)

Detalles MARC
000 -CABECERA
Campo de control 00638nam a2200205 a 4500
005 - FECHA Y HORA DE LA ULTIMA TRANSACCION
Campo de control 20160107053937.0
008 - ELEMENTOS DE LONGITUD FIJA—INFORMACION GENERAL
Campo de control 140317t1951 cau||||fr|||| 00| 0 eng d
040 ## - FUENTE DE CATALOGACIÓN
Agencia catalogadora original CO-BoIAVH
Agencia transcriptora CO-BoIAVH
041 ## - IDIOMA
Código de idioma para texto/pista de sonido o título separado Inglés
044 ## - PAÍS DE PUBLICACIÓN
País de publicación Estados Unidos
082 #4 - NUMERO DE CLASIFICACION DECIMAL DEWEY
Número de clasificación 598.15
Número del ítem P68s
100 1# - ASIENTO PRINCIPAL--NOMBRE PERSONAL
Nombre personal Pitelka, Frank A.
245 1# - MENCION DE TITULO
Título Speciation and ecologic distribution in american jays of the genus Aphelocoma
260 ## - PUBLICACION, DISTRIBUCION, ETC. (PIE DE IMPRENTA)
Lugar de publicación, distribución, etc. Los Angeles
Nombre del editor, distribuidor, etc. University of California Press
Fecha de publicación, distribución, etc. 1951
300 ## - DESCRIPCION FISICA
Extensión 462 paginas.;
Otros detalles físicos ilustraciones
Dimensiones 27 x 17 cm
650 #4 - ASIENTO SECUNDARIO DE MATERIA - TERMINO TEMATICO
Término temático o nombre geográfico como elemento de entrada Aphelocoma
Subdivisión general Ave
650 #4 - ASIENTO SECUNDARIO DE MATERIA - TERMINO TEMATICO
Término temático o nombre geográfico como elemento de entrada Comportamiento
Subdivisión general Aves
942 ## - ELEMENTOS ADICIONALES (KOHA)
Tipo de ítem Libro
Sistema de clasificación Dewey Decimal Classification
945 ## - PROCESAMIENTO LOCAL
AAAA-MM-DD - Fecha de ingreso o modificacion 2005-11-23
Existencias
Withdrawn status Lost status Sistema de Clasificación Damaged status No para préstamo Colección Inventariado Ubicación Permanente Ubicación actual Fecha de adquisición Fuente de Valor Valor Total Checkouts Número topográfico Inventario / Código de Barras Date last seen Ejemplar Price effective from Tipo de material
    Dewey Decimal Classification     General Inventariado 2017 Bogotá Bogotá 23/11/2005 Instituto 60000.00   LB-598.15 P68s 021980 04/12/2012 Ej. 1 04/12/2012 Libro